Sino- Japanese relations 1862- 1927 : A checklist of the Chinese Foreign Ministry Archives
Na minha lista:
| Formato: | Livro |
|---|---|
| Idioma: | Undetermined |
| Publicado em: |
New York
The East Asian Institute
1965
|
| Tags: |
Adicionar Tag
Sem tags, seja o primeiro a adicionar uma tag!
|
| Thư viện lưu trữ: | Trung tâm Học liệu Trường Đại học Cần Thơ |
|---|
| LEADER | 00552nam a2200181Ia 4500 | ||
|---|---|---|---|
| 001 | CTU_108123 | ||
| 008 | 210402s9999 xx 000 0 und d | ||
| 020 | |c 1500000 | ||
| 082 | |a 327.52 | ||
| 082 | |b S617 | ||
| 245 | 0 | |a Sino- Japanese relations 1862- 1927 : | |
| 245 | 2 | |b A checklist of the Chinese Foreign Ministry Archives | |
| 245 | 0 | |c James W. Morley editor; complier by Kuo Ting- yee | |
| 260 | |a New York | ||
| 260 | |b The East Asian Institute | ||
| 260 | |c 1965 | ||
| 904 | |i M.Loan | ||
| 980 | |a Trung tâm Học liệu Trường Đại học Cần Thơ | ||